Gracias al cielo : (Record no. 10814)

MARC details
000 -CABECERA
campo de control de longitud fija 01496nam a22003257a 4500
001 - NÚMERO DE CONTROL
campo de control BRCA_9195
003 - IDENTIFICADOR DEL NÚMERO DE CONTROL
campo de control FranzMayer
005 - FECHA Y HORA DE LA ÚLTIMA TRANSACCIÓN
campo de control 20220809132958.0
008 - DATOS DE LONGITUD FIJA--INFORMACIÓN GENERAL
campo de control de longitud fija 220708b |||||||| |||| 00| 0 spa d
020 ## - NÚMERO INTERNACIONAL ESTÁNDAR DEL LIBRO
Número Internacional Estándar del Libro 9788894340976
040 ## - FUENTE DE LA CATALOGACIÓN
Lengua de catalogación spa
Centro/agencia transcriptor MFM
041 ## - CÓDIGO DE LENGUA
Código de lengua del texto/banda sonora o título independiente spa
050 ## - SIGNATURA TOPOGRÁFICA DE LA BIBLIOTECA DEL CONGRESO
Número de clasificación N7793.V66
Número de documento/Ítem L97 2018
100 ## - ENTRADA PRINCIPAL--NOMBRE DE PERSONA
Nombre de persona Luque Agraz, Elin
9 (RLIN) 21096
245 10 - MENCIÓN DE TÍTULO
Título Gracias al cielo :
Resto del título Repertorio de exvotos mexicanos /
Mención de responsabilidad, etc. Elin Luque Agraz
260 ## - PUBLICACIÓN, DISTRIBUCIÓN, ETC.
Lugar de publicación, distribución, etc. Parma, Italia :
Nombre del editor, distribuidor, etc. Franco Maria Ricci,
Fecha de publicación, distribución, etc. 2018
300 ## - DESCRIPCIÓN FÍSICA
Extensión 261 p. :
Otras características físicas il. col. ;
Dimensiones 29 x 30.5 cm.
Material acompañante/anejo Cuadernillo de 2 hojas (28 x 30 cm.)
500 ## - NOTA GENERAL
Nota general Ubicación: L59-N5
500 ## - NOTA GENERAL
Nota general Incluye semblanza de Elin Luque Agraz
501 ## - NOTA DE "CON"
Nota de “Con” Incluye imagen de la Colección Museo Franz Mayer (p. 108-109) y un análisis de la misma imagen (p. 110)
504 ## - NOTA DE BIBLIOGRAFÍA, ETC.
Nota de bibliografía, etc. Bibliografía: p. 258-260
505 2# - NOTA DE CONTENIDO CON FORMATO
Título Prólogo /
Mención de responsabilidad Germaine Gómez Haro
505 2# - NOTA DE CONTENIDO CON FORMATO
Título Introducción /
Mención de responsabilidad Giorgio Antei
505 2# - NOTA DE CONTENIDO CON FORMATO
Título Ave María. La estación de los milagros /
Mención de responsabilidad Giorgio Antei
505 2# - NOTA DE CONTENIDO CON FORMATO
Título Repertorio de exvotos mexicanos /
Mención de responsabilidad Elin Luque Agraz
520 ## - SUMARIO, ETC.
Sumario, etc. El Repertorio de Elin Luque reúne ejemplos que van desde el siglo XVII hasta el presente. Además, evidencia las alteraciones sufridas por los exvotos mexicanos en el curso de cinco siglos, y muestra al mismo tiempo como sus rasgos generales se hayan preservado casi intactos.
650 ## - PUNTO DE ACCESO ADICIONAL DE MATERIA--TÉRMINO DE MATERIA
Término de materia o nombre geográfico como elemento de entrada Exvotos
Subdivisión cronológica Siglo XVII
Subdivisión geográfica México
9 (RLIN) 28434
942 ## - ELEMENTOS DE PUNTO DE ACCESO ADICIONAL (KOHA)
Fuente del sistema de clasificación o colocación Library of Congress Classification
Tipo de ítem Koha Libros
Holdings
Estado de retiro Estado de pérdida Fuente del sistema de clasificación o colocación Estado dañado No para préstamo Localización permanente Ubicación/localización actual Fecha de adquisición Total de préstamos Signatura topográfica completa Código de barras Fecha visto por última vez Precio válido a partir de Tipo de ítem Koha
El ejemplar forma parte de la colección y puede ser consultado según las políticas vigentes.   Library of Congress Classification     Biblioteca del Museo Franz Mayer (Rogerio Casas-Alatriste) Biblioteca del Museo Franz Mayer (Rogerio Casas-Alatriste) 08/07/2022   N7793.V66 L97 2018 CONT9968 08/07/2022 08/07/2022 Libros